Catálogo - Centro de Recursos para el Aprendizaje y la Investigación
Volver al Sitio - CRAI Biblioteca| 000 -CABECERA | |
|---|---|
| campo de control de longitud fija | 01895nam a2200385 4500 |
| 001 - NÚMERO DE CONTROL | |
| campo de control | 114019 |
| 003 - IDENTIFICADOR DEL NÚMERO DE CONTROL | |
| campo de control | DR-UNIBE |
| 005 - FECHA Y HORA DE LA ÚLTIMA TRANSACCIÓN | |
| campo de control | 20250807062548.0 |
| 008 - DATOS DE LONGITUD FIJA--INFORMACIÓN GENERAL | |
| campo de control de longitud fija | 250806b2025 dr ||||| |||| 00| 1 spa d |
| 020 ## - NÚMERO INTERNACIONAL ESTÁNDAR DEL LIBRO | |
| Número Internacional Estándar del Libro | 9789945246094 |
| 040 ## - FUENTE DE LA CATALOGACIÓN | |
| Centro catalogador/agencia de origen | BIBLIOTECA UNIBE |
| Lengua de catalogación | spa |
| Centro/agencia transcriptor | BIBLIOTECA UNIBE |
| Normas de descripción | rda |
| 041 ## - CÓDIGO DE LENGUA | |
| Código de lengua del texto/banda sonora o título independiente | spa |
| 090 ## - LOCALMENTE ASIGNADO TIPO-LC NÚMERO DE CLASIFICACIÓN (OCLC); NÚMERO DE CLASIFICACIÓN LOCAL (RLIN) | |
| Número de clasificación (OCLC) (R) ; Numero de clasificación, CALL (RLIN) (NR) | FBIU-L-CI AN629m |
| 100 10 - ENTRADA PRINCIPAL--NOMBRE DE PERSONA | |
| Nombre de persona | Antigua, Kianny N., |
| Fechas asociadas al nombre | 1979- |
| 9 (RLIN) | 39277 |
| Término indicativo de función/relación | autor |
| 245 10 - MENCIÓN DE TÍTULO | |
| Título | Mía y un mundo de amistades / |
| Mención de responsabilidad, etc. | Kianny N. antigua ; ilustraciones: José Amado Polanco, Stalin Núñez, Erika Soto Salcedo; dirección editorial: Claudia Llibre; dirección de arte y producción: Moisés Kelly Santana ; Subdirección de arte: Lilian Salcedo Fernández; edición: Jorge Luis Zamora; corrección de estilo: Gisela Vargas Ortega; diagramación: Ana Gómez Otaño |
| 250 ## - MENCIÓN DE EDICIÓN | |
| Mención de edición | Primera edición |
| 260 ## - PUBLICACIÓN, DISTRIBUCIÓN, ETC. | |
| Lugar de publicación, distribución, etc. | Santo Domingo: |
| Nombre del editor, distribuidor, etc. | Loqueleo : |
| -- | Santillana, |
| Fecha de publicación, distribución, etc. | 2025 |
| 300 ## - DESCRIPCIÓN FÍSICA | |
| Extensión | 68 páginas : |
| Otras características físicas | ilustraciones a color ; |
| Dimensiones | 19 x 13 cm |
| 490 ## - MENCIÓN DE SERIE | |
| Mención de serie | Serie Morada / Cuento / Colección Mía y Esteban ; |
| Designación de volumen o secuencia | + 8 |
| 500 ## - NOTA GENERAL | |
| Nota general | Incluye datos del autor al final de la obra y comentario de la misma en la contraportada |
| 653 #7 - TÉRMINO DE INDIZACIÓN--NO CONTROLADO | |
| Término no controlado | Cuentos infantiles domincanos |
| 653 #7 - TÉRMINO DE INDIZACIÓN--NO CONTROLADO | |
| Término no controlado | Amistad - Cuentos infantiles dominicanos |
| 653 #7 - TÉRMINO DE INDIZACIÓN--NO CONTROLADO | |
| Término no controlado | Alfabeto - Cuentos infantiles dominicanos |
| 653 #7 - TÉRMINO DE INDIZACIÓN--NO CONTROLADO | |
| Término no controlado | Literatura infantil dominicana |
| 700 10 - PUNTO DE ACCESO ADICIONAL--NOMBRE DE PERSONA | |
| Nombre de persona | Polanco, José Amado |
| 9 (RLIN) | 53388 |
| Término indicativo de función/relación | ilustrador |
| 700 #0 - PUNTO DE ACCESO ADICIONAL--NOMBRE DE PERSONA | |
| Nombre de persona | Núñe, Stalin |
| Término indicativo de función/relación | ilustrador |
| 9 (RLIN) | 53478 |
| 700 10 - PUNTO DE ACCESO ADICIONAL--NOMBRE DE PERSONA | |
| Nombre de persona | Soto Salcedo, Erika |
| 9 (RLIN) | 198231 |
| Término indicativo de función/relación | ilustrador |
| 700 10 - PUNTO DE ACCESO ADICIONAL--NOMBRE DE PERSONA | |
| Nombre de persona | Llibre, Claudia |
| 9 (RLIN) | 115216 |
| Término indicativo de función/relación | director editorial |
| 700 10 - PUNTO DE ACCESO ADICIONAL--NOMBRE DE PERSONA | |
| Nombre de persona | Kelly Santana, Moisés |
| 9 (RLIN) | 115217 |
| Término indicativo de función/relación | director de arte |
| -- | producción |
| 700 10 - PUNTO DE ACCESO ADICIONAL--NOMBRE DE PERSONA | |
| Nombre de persona | Salcedo Fernández, Lilian |
| 9 (RLIN) | 115218 |
| Término indicativo de función/relación | subdirector de arte |
| 700 10 - PUNTO DE ACCESO ADICIONAL--NOMBRE DE PERSONA | |
| Nombre de persona | Zamora, Jorge Luis |
| 9 (RLIN) | 155167 |
| Término indicativo de función/relación | editor |
| 700 10 - PUNTO DE ACCESO ADICIONAL--NOMBRE DE PERSONA | |
| Nombre de persona | Vargas Ortega, Gisela |
| 9 (RLIN) | 185539 |
| Término indicativo de función/relación | corrector de estilo |
| 700 10 - PUNTO DE ACCESO ADICIONAL--NOMBRE DE PERSONA | |
| Nombre de persona | Gómez Otaño, Ana |
| 9 (RLIN) | 115219 |
| Término indicativo de función/relación | digramador |
| 942 ## - ELEMENTOS DE PUNTO DE ACCESO ADICIONAL (KOHA) | |
| Fuente del sistema de clasificación o colocación | Sistema de Clasificación Decimal Dewey |
| Tipo de ítem Koha | Libro (general) |
| Estado de retiro | Estado de pérdida | Fuente del sistema de clasificación o colocación | No para préstamo | Código de colección | Localización permanente | Fecha de adquisición | Total de préstamos | Signatura topográfica completa | Código de barras | Fecha visto por última vez | Número de copia | Precio válido a partir de | Tipo de ítem Koha |
|---|---|---|---|---|---|---|---|---|---|---|---|---|---|
| Disponible | Sistema de Clasificación Decimal Dewey | No se presta | Fondo Bibliográfico IBBY-UNIBE | Biblioteca Central UNIBE | 10/07/2025 | FBIU-L-CI AN629m | FBIU0877 | 06/08/2025 | EJ.1 | 06/08/2025 | Libro (reserva) |